LEADER 00913nam0-22003251i-450- 001 990006872290403321 005 20080411131956.0 035 $a000687229 035 $aFED01000687229 035 $a(Aleph)000687229FED01 035 $a000687229 100 $a20010426d1998----km-y0itay50------ba 101 0 $aita 105 $ay-------001yy 200 1 $a<>ceti nobiliari europei nell'800$fLuigi Rossi 210 $aNapoli$cEsi$d1998 215 $a196 p.$d21 cm 225 1 $a<>identità di Clio$v16 610 0 $aNobiltà - Europa - Sec. 19 676 $a305.5223094 700 1$aRossi,$bLuigi$f<1948- >$0307738 801 0$aIT$bUNINA$gRICA$2UNIMARC 901 $aBK 912 $a990006872290403321 952 $aCOLLEZ. 1529 (16)$b33335$fFSPBC 952 $aSE 112.04.25-$b1395D$fDECSE 959 $aFSPBC 959 $aDECSE 996 $aCeti nobiliari europei nell'800$945169 997 $aUNINA LEADER 00739nam0-22002411i-450- 001 990001242360403321 035 $a000124236 035 $aFED01000124236 035 $a(Aleph)000124236FED01 035 $a000124236 100 $a20000920d1989----km-y0itay50------ba 101 0 $aeng 200 1 $aOptimization$eProceedings of the fifth French-German Conference held in Castel-Novel (Varetz), France, Oct. 3-8, 1988.$fby DOLECKI S. 210 $aBerlin [etc.]$cSpringer-Verlag$d1989. 225 1 $aLecture Notes in Mathematics$v1405 801 0$aIT$bUNINA$gRICA$2UNIMARC 901 $aBK 912 $a990001242360403321 952 $aC-20-(1405$b7056$fMA1 959 $aMA1 996 $aOptimization$980052 997 $aUNINA DB $aING01 LEADER 00770nam0-22002891i-450- 001 990000018970403321 035 $a000001897 035 $aFED01000001897 035 $a(Aleph)000001897FED01 035 $a000001897 100 $a20011111d--------km-y0itay50------ba 101 0 $aita 105 $ay-------001yy 200 1 $aPrinciples of polymerization$fGeorge Odian. 210 $aNew York$cMcGraw-Hill book company$d1970 215 $aXVIII, 652 p.$cill.$d23 cm 610 0 $aPolimerizzazione 676 $a547.8 700 1$aOdian,$bGeorge 801 0$aIT$bUNINA$gRICA$2UNIMARC 901 $aBK 912 $a990000018970403321 952 $a13 B 05 23$b29048$fFINBC 952 $a13 B 03 09$b29047$fFINBC 959 $aFINBC 997 $aUNINA DB $aING01 LEADER 01004nam0-22003251i-450- 001 990002025370403321 005 20091104191203.0 035 $a000202537 035 $aFED01000202537 035 $a(Aleph)000202537FED01 035 $a000202537 100 $a20030910d1992----km-y0itay50------ba 101 0 $aita 102 $aIT 105 $ay-------001yy 200 1 $aAggiornamento bibliografico sulle termiti dal 1778 al 1991$fa cura di Valerio Gerini 210 $aFirenze$cIstituto Agronomico per l'Oltremare$d1992 215 $a52 p.$d24 cm 225 1 $aRelazioni e monografie agrarie subtropicali e tropicali$v110 610 0 $aIsotteri 610 0 $aTermiti$aBibliografia 676 $a595.736 016 702 1$aGerini,$bValerio 801 0$aIT$bUNINA$gRICA$2UNIMARC 901 $aBK 912 $a990002025370403321 952 $a61 IV E.3/36.1$b3752 (09/11/92)$fDAGEN 959 $aDAGEN 996 $aAggiornamento bibliografico sulle termiti dal 1778 al 1991$9404560 997 $aUNINA LEADER 01153nam2-2200385---450- 001 990003378360203316 005 20100406132011.0 010 $a88-14-12616-X 035 $a000337836 035 $aUSA01000337836 035 $a(ALEPH)000337836USA01 035 $a000337836 100 $a20100311d2007----km-y0itay50------ba 101 $aita 102 $aIT 105 $a||||||||001yy 200 1 $a<<1. :>> Magistrati e avvocati dello stato$fa cura di Franco Carinci e Vito Tenore 210 $aMilano$cGiuffrè$d2007 215 $aXXXI, 698 p.$d24 cm 461 1$1001000302690$12001$a<> pubblico impiego non privatizzato 606 0 $aImpiegati pubblici$xLegislazione 676 $a342.45068 702 1$aCARINCI,$bFranco 702 1$aTENORE,$bVito 801 0$aIT$bsalbc$gISBD 912 $a990003378360203316 951 $aXXIV.3.G 86/1$b58821 G.$cXXIV.3.G$d00256466 951 $aVI 352/1$b6836 DIRCE 959 $aBK 969 $aGIU 969 $aDIRCE 979 $aCHIARA$b90$c20100311$lUSA01$h1029 979 $aDIRCE$b90$c20100406$lUSA01$h1320 996 $aMagistrati e avvocati dello stato$91122968 997 $aUNISA LEADER 01381nam2-2200409li-450 001 990000240380203316 005 20180312154807.0 010 $a981-02-1198-8 035 $a0024038 035 $aUSA010024038 035 $a(ALEPH)000024038USA01 035 $a0024038 100 $a2001994041993-------y0itay0103----ba 101 0 $aeng 102 $aSG 200 1 $aFrom order to chaos$eessays$ecritical, chaotic and otherwise$fby Leo P Kadanoff 210 $aSingapore [etc.]$cWorld Scientific$dcopyr. 1993 215 $aXVII, 555 p.$cill.$d26 cm 225 2 $aWorld scientific series on nonlinear science. Serie A$v1 410 0$10010024039$12001$aWorld scientific series on nonlinear science. Serie A 610 1 $afluidi$adinamica 610 1 $aidrodinamica 610 1 $ameccanica statistica 676 $a530133$9Statistica dei quanti (Fisica stat. dei quanti) 700 1$aKadanoff,$bLeo P.$048084 801 $aSistema bibliotecario di Ateneo dell' Università di Salerno$gRICA 912 $a990000240380203316 951 $a530.133 KAD$b0015816/CBS$c530.133$d00325284 959 $aBK 969 $aSCI 979 $c19940408 979 $c20001110$lUSA01$h1715 979 $c20020403$lUSA01$h1632 979 $aPATRY$b90$c20040406$lUSA01$h1617 979 $aRSIAV7$b90$c20090728$lUSA01$h1130 996 $aFrom Order to Chaos$9337401 997 $aUNISA LEADER 01975oam 2200577M 450 001 9910716251803321 005 20200213070509.9 035 $a(CKB)5470000002519607 035 $a(OCoLC)1065780930 035 $a(OCoLC)995470000002519607 035 $a(EXLCZ)995470000002519607 100 $a20071213d1926 ua 0 101 0 $aeng 135 $aurcn||||||||| 181 $ctxt$2rdacontent 182 $cc$2rdamedia 183 $acr$2rdacarrier 200 10$aClyde L. West. June 15, 1926. -- Committed to the Committee of the Whole House and ordered to be printed 210 1$a[Washington, D.C.] :$c[U.S. Government Printing Office],$d1926. 215 $a1 online resource (2 pages) 225 1 $aHouse report / 69th Congress, 1st session. House ;$vno. 1495 225 1 $a[United States congressional serial set ] ;$v[serial no. 8537] 300 $aBatch processed record: Metadata reviewed, not verified. Some fields updated by batch processes. 300 $aFDLP item number not assigned. 606 $aAnnuities 606 $aClaims 606 $aHuman experimentation in medicine 606 $aMilitary bases 606 $aMilitary pensions 606 $aYellow fever 606 $aSpanish-American War, 1898 606 $aDisabled veterans 608 $aLegislative materials.$2lcgft 615 0$aAnnuities. 615 0$aClaims. 615 0$aHuman experimentation in medicine. 615 0$aMilitary bases. 615 0$aMilitary pensions. 615 0$aYellow fever. 615 0$aSpanish-American War, 1898. 615 0$aDisabled veterans. 701 $aJohnson$b Noble Jacob$f1887-1968$pRepublican (IN)$01386183 801 0$bWYU 801 1$bWYU 801 2$bOCLCO 801 2$bOCLCQ 801 2$bOCLCO 906 $aBOOK 912 $a9910716251803321 996 $aClyde L. West. June 15, 1926. -- Committed to the Committee of the Whole House and ordered to be printed$93434877 997 $aUNINA LEADER 01957oam 2200529 450 001 9910716750903321 005 20211230083119.0 035 $a(CKB)5470000002524667 035 $a(OCoLC)1264168990 035 $a(EXLCZ)995470000002524667 100 $a20210817j202105 ua 0 101 0 $aeng 135 $aur||||||||||| 181 $ctxt$2rdacontent 182 $cc$2rdamedia 183 $acr$2rdacarrier 200 10$aBlueprint for integrating grid-interactive efficient building (GEB) technologies into U.S. General Services Administration performance contracts /$fJesse Dean [and four others] 210 1$aGolden, CO :$cNational Renewable Energy Laboratory,$dMay 2021. 215 $a1 online resource (ix, 57 pages) $ccolor illustrations, color maps 225 1 $aNREL/TP ;$v7A40-78190 300 $a"May 2021." 320 $aIncludes bibliographical references (pages 56-57). 517 $aBlueprint for integrating grid-interactive efficient building 606 $aContracts$zUnited States 606 $aPublic buildings$zUnited States 606 $aArchitecture and energy conservation$zUnited States 606 $aArchitecture and energy conservation$2fast 606 $aContracts$2fast 606 $aPublic buildings$2fast 607 $aUnited States$2fast 615 0$aContracts 615 0$aPublic buildings 615 0$aArchitecture and energy conservation 615 7$aArchitecture and energy conservation. 615 7$aContracts. 615 7$aPublic buildings. 700 $aDean$b Jesse$01397731 712 02$aNational Renewable Energy Laboratory (U.S.), 801 0$bGPO 801 1$bGPO 801 2$bOCLCO 801 2$bOCLCF 801 2$bGPO 906 $aBOOK 912 $a9910716750903321 996 $aBlueprint for integrating grid-interactive efficient building (GEB) technologies into U.S. General Services Administration performance contracts$93493616 997 $aUNINA